LEADER 01162nam0-2200349---450- 001 990008169810403321 005 20140618102426.0 010 $a88-14-05260-3 020 $aIT$b96-379 035 $a000816981 035 $aFED01000816981 035 $a(Aleph)000816981FED01 035 $a000816981 100 $a20050725d1995----km-y0itay50------ba 101 0 $aita 102 $aIT 105 $ay---n----00yy 200 1 $aFormulario del processo penale$eaggiornato con la Legge 8 agosto 1995, n. 332$eitinerari processuali$eguida al nuovo processo penale attraverso gli atti e i provvedimenti$fGabriele Guarda$gin appendice gli articoli del Codice come modificati dalla nuova normativa 210 $aMilano$cA. Giuffre$d1995 215 $aXXIII, 456 p.$d24 cm$e1 floppy disk 225 1 $aCosa & come$iProfessioni 676 $a345.45050269$v20$zita 700 1$aGuarda,$bGabriele$021538 801 0$aIT$bUNINA$gRICA$2UNIMARC 901 $aBK 912 $a990008169810403321 952 $aVI C 432$b4243$fDDA 952 $aC38$b2469$fDSPCP 959 $aDDA 959 $aDSPCP 996 $aFormulario del processo penale$9736604 997 $aUNINA LEADER 02086nam0 22004453i 450 001 VIA0015396 005 20251003044439.0 100 $a19911003d1975 ||||0itac50 ba 101 | $aita 102 $ait 181 1$6z01$ai $bxxxe 182 1$6z01$an 183 1$6z01$anc$2RDAcarrier 200 1 $aˆLa ‰politica salariale in Italia 210 $aFirenze$cCentro studi CISL$d1975 215 $a151 p.$d17 cm. 225 | $aPiccola biblioteca sindacale$v3 410 0$1001LO10248582$12001 $aPiccola biblioteca sindacale$v3 606 $aSalari$xItalia$x1945-1975$2FIR$3SBLC128725$9I 676 $a331.209 45$9$v20 676 $a331.21$9ECONOMIA DEL LAVORO. Retribuzioni$v23 676 $a331.2945$9SALARIO. Italia$v19 696 $aPaghe$aMonti salari 699 $aSalari$yPaghe 699 $aSalari$yMonti salari 712 02$aCentro studi CISL$3CFIV016671 791 02$aCentro studi nazionale CISL$3CFIV016673$zCentro studi CISL 791 02$aCentro studi CISL nazionale$3CFIV185143$zCentro studi CISL 791 02$aConfederazione italiana sindacato lavoratori$b : Centro studi$3CFIV185289$zCentro studi CISL 791 02$aCISL$b : Centro studi$3CFIV289602$zCentro studi CISL 791 02$aCISL$b : Centro di studi sindacali$3IEIV231537$zCentro studi CISL 801 3$aIT$bIT-000000$c19911003 850 $aIT-BN0095 $aIT-NA0079 901 $bNAP BN$cA $nComprende volumi con collocazioni per formato catalogati prima del 1987. La consegna del doc. é effettuata dall'Uff. Distribuzione. 901 $bNAP 01$cPOZZO LIB.$nVi sono collocati fondi di economia, periodici di ingegneria e scienze, periodici di economia e statistica e altri fondi comprendenti documenti di economia pervenuti in dono. 912 $aVIA0015396 950 0$aBiblioteca Centralizzata di Ateneo$c1 v.$d 01POZZO LIB.F. SANTI 298$e 0101 0060030755E VMA 1 v. (Precedente collocazione S 473)$fB $h20221110$i20221110 977 $a 01$a BN 996 $aPolitica salariale in Italia$92961591 997 $aUNISANNIO